Regions of Pärnu With a Map - Statistics

General Stats
  • This quiz has been taken 13 times
  • The average score is 5 of 10
Answers on the Map
Answers color-coded by a green-red scale on the quiz's map according to % correct below.
 
Answer Stats
Answer % Correct
Kesklinn
90%
Ülejõe
70%
Mai
60%
Raama
60%
Raeküla
60%
Vana-Pärnu
60%
Rannarajoon
30%
Tammiste
30%
Eeslinn
20%
Lodja
10%
No matching quizzes found
Score Distribution
Percent of People with Each Score
Percentile by Number Answered
Your Score History
You have not taken this quiz